MARC

LEADER 00000nas a2200000 a 4500
001 ssj0001454340
003 WaSeSS
005 20200512172242.0
006 m d
007 cr n
008 940509c19889999qucqr p s 0 0fre
010 |a  94649032  
022 |l 0840-7827  |y 0840-7827 
030 |a LIENF5 
035 |a (WaSeSS)ssj0001454340 
040 |a DLC  |b eng  |c DLC  |d OCL  |d CAS  |d B2Q  |d OCLCQ  |d NYDWH  |d OCLCQ  |d OCLCO  |d OCLCQ  |d OCLCO  |d IUL  |d OCLCO  |d OCLCF  |d OCLCO  |d CUS  |d OCLCQ  |d WaSeSS 
042 |a pcc 
043 |a d------ 
050 0 0 |a HD9502.D442  |b L53 
245 0 0 |a Liaison énergie-francophonie  |h [electronic resource] /  |c Institut de l'énergie des pays ayant en commun l'usage du français, IEPF. 
260 |a Québec :  |b IEPF 
310 |a Quarterly 
362 1 |a Began in 1988. 
506 |a License restrictions may limit access. 
588 |a Description based on: No 14 (1. trimestre 1992); title from cover. 
610 2 0 |a Institut de l'énergie des pays ayant en commun l'usage du français  |v Periodicals. 
610 2 6 |a Institut de l'énergie des pays ayant en commun l'usage du français  |v Périodiques. 
610 2 7 |a Institut de l'énergie des pays ayant en commun l'usage du français.  |2 fast  |0 (OCoLC)fst00687876 
650 0 |a Energy policy  |z French-speaking countries  |v Periodicals. 
650 0 |a Energy conservation  |z French-speaking countries  |v Periodicals. 
650 0 |a Energy facilities  |z French-speaking countries  |v Periodicals. 
650 6 |a Ressources énergétiques  |v Périodiques. 
650 7 |a Energy conservation.  |2 fast  |0 (OCoLC)fst00909912 
650 7 |a Energy facilities.  |2 fast  |0 (OCoLC)fst00910075 
650 7 |a Energy policy.  |2 fast  |0 (OCoLC)fst00910200 
650 1 7 |a ENERGY POLICY.  |2 unbist 
650 1 7 |a ENERGY CONSERVATION.  |2 unbist 
650 1 7 |a POWER INDUSTRY.  |2 unbist 
650 1 7 |a FRANCE.  |2 unbist 
650 1 7 |a FRENCH-SPEAKING AFRICA.  |2 unbist 
650 1 7 |a QUEBEC (CANADA : PROVINCE)  |2 unbist 
650 1 7 |a CANADA.  |2 unbist 
651 7 |a French-speaking countries.  |2 fast  |0 (OCoLC)fst01253054 
655 0 |a Electronic journals. 
710 2 |a Institut de l'énergie des pays ayant en commun l'usage du français. 
850 |a DLC 
856 4 0 |z Full text available from Research Library: 01/01/2014 to 01/31/2016  |u https://search.proquest.com/publication/2035143